Performance optimization of digital communications systems (Record no. 571065)
[ view plain ]
| 000 -LEADER | |
|---|---|
| fixed length control field | 00567nam a22001817a 4500 |
| 003 - CONTROL NUMBER IDENTIFIER | |
| control field | CEME |
| 005 - DATE AND TIME OF LATEST TRANSACTION | |
| control field | 20210628202812.0 |
| 008 - FIXED-LENGTH DATA ELEMENTS--GENERAL INFORMATION | |
| fixed length control field | 210118b xxu||||| |||| 00| 0 eng d |
| 020 ## - INTERNATIONAL STANDARD BOOK NUMBER | |
| International Standard Book Number | 0-8493-6896-0 |
| 040 ## - CATALOGING SOURCE | |
| Transcribing agency | . |
| 082 ## - DEWEY DECIMAL CLASSIFICATION NUMBER | |
| Classification number | 621.382 MIT |
| 100 ## - MAIN ENTRY--PERSONAL NAME | |
| Personal name | Mitlin, Vladimir |
| 9 (RLIN) | 61703 |
| 245 ## - TITLE STATEMENT | |
| Title | Performance optimization of digital communications systems |
| 260 ## - PUBLICATION, DISTRIBUTION, ETC. | |
| Place of publication, distribution, etc. | NEW YORK |
| Name of publisher, distributor, etc. | AUERBACH PUBLICATIONS |
| Date of publication, distribution, etc. | 2006 |
| 300 ## - PHYSICAL DESCRIPTION | |
| Extent | XI,208 P |
| 650 ## - SUBJECT ADDED ENTRY--TOPICAL TERM | |
| Topical term or geographic name entry element | DIGITAL COMMUNICATIONS.NETWORK PERFORMANCE (TELECOMMUNICATION).DIGITAL COMMUNICATIONS SYSTEMS |
| 9 (RLIN) | 61704 |
| 942 ## - ADDED ENTRY ELEMENTS (KOHA) | |
| Koha item type | Book |
| Source of classification or shelving scheme | |
| Withdrawn status | Lost status | Damaged status | Not for loan | Permanent Location | Current Location | Shelving location | Date acquired | Total Checkouts | Full call number | Barcode | Date last seen | Price effective from | Koha item type |
|---|---|---|---|---|---|---|---|---|---|---|---|---|---|
| College of Electrical & Mechanical Engineering (CEME) | College of Electrical & Mechanical Engineering (CEME) | General Stacks | 07/20/2017 | 621.382 MIT | CEME-43051 | 06/28/2021 | 06/28/2021 | Book |
